| 000 | 02049nam0a22002891 4500 | ||
|---|---|---|---|
| 001 | rc\4295235 | ||
| 005 | 20250611152220.0 | ||
| 035 | _a(NLR Aleph) 008254565 | ||
| 090 |
_a8357611 _c8357611 |
||
| 100 | _a20130416d1959 |||y0rusy50 ca | ||
| 101 | 0 | _arus | |
| 102 | _aRU | ||
| 105 | _aa z ||||| | ||
| 200 | 1 | _aСборник статей | |
| 210 |
_aКиев _cБ. и. _d1959 |
||
| 215 |
_a16 с. _cчерт. _d23 |
||
| 225 | 1 |
_aКиевское высшее инженерно-авиационное военное училище ВВС. Труды Киевского высшего инженерно-авиационного военного училища ВВС _vВып. 49 |
|
| 300 | _aПеред загл. авт.: П.В. Беспалов | ||
| 320 | _aБиблиогр.: с. 16 | ||
| 327 | 1 | _aСодерж.: Влияние напряжений питающих источников на стабильность частоты колебаний автогенераторов на полупроводниковых триодах (ППТ); Исследование входной и выходной проводимостей полупроводникового триода типа р-п-р в нелинейном режиме | |
| 464 | 0 |
_12001#$aВлияние напряжений питающих источников на стабильность частоты колебаний автогенераторов на полупроводниковых триодах (ППТ)$aИсследование входной и выходной проводимостей полупроводникового триода типа р-п-р в нелинейном режиме _tИсследование входной и выходной проводимостей полупроводникового триода типа р-п-р в нелинейном режиме |
|
| 700 | 1 |
_aБеспалов _bП.В. |
|
| 801 | 0 |
_aRU _bNLR _gpsbo |
|
| 801 | 1 |
_aRU _bELAR _2rusmarc |
|
| 852 |
_aNLR _jП10/1758 |
||
| 942 | _cBOOK | ||
| 980 | _aNB | ||